000 00545nam a2200181Ia 4500
999 _c7889
_d7889
003 OSt
005 20201118152933.0
008 190216s9999||||xx |||||||||||||| ||und||
020 _a9789325956186
040 _coclc
082 _a657
_bMAH/F
100 _aMaheshwari, S N
_91048
245 0 _aFinancial Accounting /
_cS N Maheshwari ; Suneel K Maheshwari ; Sharad K Maheshwari
250 _a5th ed.
260 _bVikas Publishing House,
_c2012.
_aNew Delhi:
300 _a989p
942 _cBK
_2ddc
_h657
_iMAH/F
_k657
_mMAH/F